| 000 | 00945nas a22002537a 4500 | ||
|---|---|---|---|
| 999 |
_c121155 _d121155 |
||
| 001 | K121155 | ||
| 007 | ta | ||
| 008 | 191105b2019 ||||| |||| 00| 0 eng d | ||
| 041 | _aeng | ||
| 100 | _aRipple, William | ||
| 245 | _aWorld scientists' warning of a climate emergency | ||
| 260 | _c2019 | ||
| 490 |
_aBioScience _vbiz088, 5 November 2019 |
||
| 520 | _aThe Alliance of World Scientists warns that our planet is facing a climate emergency unless measures are taken to reduce risk. Links climate change to lifestyle and calls for the world to adapt to change. | ||
| 650 | _aClimate change | ||
| 650 | _aValue the planet | ||
| 651 | _aInternational | ||
| 690 |
_96238 _aEnvironment |
||
| 700 | _aWolf, Christopher | ||
| 700 | _aNewsome, Thomas | ||
| 700 | _aBarnard, Phoebe | ||
| 700 | _aMoomaw, William | ||
| 856 |
_uhttps://academic.oup.com/bioscience/advance-article/doi/10.1093/biosci/biz088/5610806 _z.View article at Bioscience |
||